Riconosci il Pokémon - Quiz n°482 - Statistics

Statistiche generali
  • Questo quiz è stato fatto 1 volte
  • Il punteggio medio è 10 su 10
Statistiche sulle risposte
Indizio Risposta % Corretto
Altezza 0,9 m
100%
Peso 31,5 kg
100%
Tasso di cattura 45 (11.9%)
100%
Sesso 87.5% ♂, 12.5% ♀
100%
Pokémon Cranidos
100%
Stadio evoluzione Forma Base
100%
Tasso di allevamento Irregolare
100%
Generazione Quarta
100%
Tipo Roccia
100%
Abilità Rompiforma; Forzabruta
100%
Nessun quiz corrispondente trovato
Distribuzione punteggi
Percentuale di utenti per punteggio
Percentile per numero di risposta
I tuoi punteggi nel tempo
Non hai fatto questo quiz